000 00831nam a22002177a 4500
005 20100814145312.0
010 _aENG-100521
020 _c130.00
035 _aEN-84054
037 _bDBAD/PUB
082 _a346.54052
100 _aJhabvala,Noshirvan H
_913470
245 _aThe indian succession act ACT xxxix of 1925 :
_bas amended by the amending act51 of 1991
_cby Noshirvan H Jhabvala ; revised & edited by H D Pithawalla
250 _a26th ed.
260 _aMumbai
_bParimal J Shah
_c2008
270 _a146-c Shamaldas Gandhi Road
_bMumbai
_e400002
300 _a176p
_c24cm(pbk)
700 _aPithawalla,H D
_913471
942 _2ddc
_cEN
_h346.54052
_mJHA
999 _c41943
_d41943